| 000 | 00770nam a22002177a 4500 | ||
|---|---|---|---|
| 007 | 00 | ||
| 008 | 160721b xxu||||| |||| 00| 0 eng d | ||
| 020 | _a978-2-8028-0212-9 | ||
| 040 |
_aBUAC _cBUC |
||
| 041 | _aFre. | ||
| 100 | _aPOHU, Anne-Aël | ||
| 245 |
_aJustices trasitionnelles oser un modèle burundais : _bcomment vivre ensemble après un conflit violent? _c/ss.dir.Anne-Aël POHU, Emmanuel KLIMIS |
||
| 260 |
_aBruxelles : _bFacultés Universitaires Saint-Louis, _c2013 |
||
| 300 |
_a216 p. _c23 cm. _e1 CD |
||
| 440 |
_a(Collection Travaux et Recherches _n61) |
||
| 521 | _aCompr. Annexe. pp. (177 -188) ; Bibliographie de Référence. pp. (189 -197). | ||
| 630 | _aSCIENCES SOCIALES | ||
| 650 | _aJustice | ||
| 700 | _aKLIMIS, Emmanuel | ||
| 942 | _cLIV | ||
| 999 |
_c54888 _d54888 |
||